Manual de avicultura

Guardat en:
Dades bibliogràfiques
Autor principal: Las Heras Esteban, José María
Format: Llibre
Idioma:espanyol
Publicat: Aedos. 1962.
Edició:6ª ed.
Matèries:
Etiquetes: Afegir etiqueta
Sense etiquetes, Sigues el primer a etiquetar aquest registre!

MARC

LEADER 00000nam a22000005a 4500
001 5989
003 CL-ChBUA
005 20120815102935.0
008 070301s1962 sp 000 0 spa
040 |a CL-ChBUA  |c CL-ChBUA 
082 0 0 |a 636.5 
090 |c 5989  |d 5989 
100 1 |a Las Heras Esteban, José María. 
245 1 0 |a Manual de avicultura 
250 |a 6ª ed. 
260 |b Aedos.  |c 1962. 
300 |a 495 p.  |c 20 cm. 
650 4 |a AVICULTURA. 
942 |c LIB 
952 |0 0  |1 0  |4 0  |7 0  |9 8982  |a UNACH  |b UNACH  |c 600  |d 2007-03-05  |i 6.437.  |l 1  |o 636.5 / L 344.  |p 9981  |r 2019-04-18 00:00:00  |s 2019-04-16  |u 8982  |w 2012-08-08  |y LIB  |k 636.5 / L 344. 
999 |c 5989  |d 5989